000
00458nam a2200181Ia 4500
008
151018s9999 xx 000 0 und d
082
_b
RBASDV15150
_a
891.433
100
_a
राणू
245
_a
तोफाह
250
_b
1
260
_b
हिंद पॉकेट बुक्स
_c
1976
300
_a
164
600
_a
राणू
630
_a
तोफाह
700
_a
राणू
730
_a
तोफाह
942
_c
BOOK
999
_c
1015877
_d
1015874